000 00349nam a2200145Ia 4500
008 191201s1966 xx 000 0 und d
082 _a539.7
100 _aSELOVE, Fayajzenberg
245 0 _aNuclear Spectroscopy Part A
250 _a2nd Pringing
260 _aLondon
_bAcademic Press
_c1966
300 _a621
650 _aApplied
942 _2ddc
_cBK
999 _c591
_d591